Vista normal
Vista MARC
Entrada Topical Term
Número de registros utilizados en: 2
001 - CONTROL NUMBER
- control field: 64556
003 - CONTROL NUMBER IDENTIFIER
- control field: OSt
005 - DATE AND TIME OF LATEST TRANSACTION
- control field: 20250901202552.0
008 - FIXED-LENGTH DATA ELEMENTS
- fixed length control field: 250901|| aca||aabn | a|a d
040 ## - CATALOGING SOURCE
- Original cataloging agency: OSt
- Transcribing agency: OSt
150 ## - HEADING--TOPICAL TERM
- Topical term or geographic name entry element: Apertura económica
- Geographic subdivision: Colombia
- Form subdivision: Exposiciones
670 ## - SOURCE DATA FOUND
- Source citation: Work cat.: (OSt)58982: Ocampo Gaviria, José Antonio, 1952- aut 50864, Café, industria y macroeconomía :